01302nam a2200253Ia 4500952012000000952011600120999001700236008004100253020001800294050002300312100003600335245013300371250001800504260006600522300003000588500006200618504004200680505011300722519010400835650002700939650003700966700003301003942001201036 00102lcc4070a21b21d2011-10-14l40m2oLB 3051 L64 r2010p21 000224r2023-02-27s2023-02-27t1w2012-07-20yLB 00102lcc4070a21b21d0000-00-00l10oLB3051 L64 r2013p21 002256r2026-01-22s2017-11-23t1w2014-02-26yLB c83182d83182120721r2010 mx ad 000 0 spa d a978968246326604aLB3051 bL64 r2010 aLópez Frías, Blanca Silvia 10aEvaluación del aprendizajeb: alternativas y nuevos desarrollosc/ Blanca Silvia López Frías, Elsa María Hinojosa Kleen. aReimpresión aMéxicob : Trillas b: ITESM, Universidad Virtualc, 2010. a142 p. b: il. c; 24 cm. aEdición varia: Reimpresión, 2010 Reimpresión, 2013 aIncluye referencias bibliográficas. aEvaluación del aprendizaje, técnicas de observación, técnicas para la evaluación del desempeño.  aEducación Mixta /bPsicología /cConsultoría Psicoeducativa (P31-3) /d(21 000224, 21 002256) aEVALUACIÓN EDUCATIVA aMEDICIONES Y PRUEBAS EDUCATIVAS  aHinojosa Klenn, Elsa María cLB2lcc